UM Logo

In 2007, Oklahoma had one earthquake. Last year, there were more than 900. what happened?: (Record no. 9291)

MARC details
000 -LEADER
fixed length control field 00572nam a2200133 4500
008 - FIXED-LENGTH DATA ELEMENTS--GENERAL INFORMATION
fixed length control field 180427b ||||| |||| 00| 0 eng d
082 ## - DEWEY DECIMAL CLASSIFICATION NUMBER
Classification number DPer 050 Dec 2015-Mar 2016 T48 v186-187
100 ## - MAIN ENTRY--PERSONAL NAME
9 (RLIN) 27656
Personal name Sanburn, Josh.
245 ## - TITLE STATEMENT
Title In 2007, Oklahoma had one earthquake. Last year, there were more than 900. what happened?:
Remainder of title greed, politics and the biggest oil boom in decades/
Statement of responsibility, etc. Josh Sanburn.
260 ## - PUBLICATION, DISTRIBUTION, ETC. (IMPRINT)
Place of publication, distribution, etc. New York:
Name of publisher, distributor, etc. Time Inc.,
Date of publication, distribution, etc. ©Dec 2015-Mar 2016.
300 ## - PHYSICAL DESCRIPTION
Extent v187 n10, pages 26-31:
Other physical details illustrations;
Dimensions 27 cm.
650 #0 - SUBJECT ADDED ENTRY--TOPICAL TERM
9 (RLIN) 27657
Topical term or geographic name as entry element Natural disaster.
942 ## - ADDED ENTRY ELEMENTS (KOHA)
Source of classification or shelving scheme Dewey Decimal Classification
Koha item type Periodicals
Holdings
Withdrawn status Lost status Source of classification or shelving scheme Damaged status Not for loan Collection code Home library Current library Date acquired Total Checkouts Full call number Date last seen Price effective from Koha item type Public note
    Dewey Decimal Classification     Periodicals UM Digos College - LIC UM Digos College - LIC 04/27/2018   DPer 050 Dec 2015-Mar 2016 T48 v186-187 04/27/2018 04/27/2018 Periodicals Periodical article